000 00906nam a2200265Ia 4500
001 9479
003 GE_BSU
008 181216s||||||||xx |||||||||||||| ||und||
020 _a9789941172168
040 _cGE_BSU
080 _a004.738.5:339.138(075.8)
100 _aთოდუა,ნუგზარ
245 _aინტერნეტ–მარკეტინგი=Internet-Marketing
245 _bსახელმძღვანელო
245 _cრედ.ჩარიტა ჯაში
260 _aთბილისი
260 _bუნივერსალი
260 _c2011
300 _a320გვ .ცხრ.21სმ.
300 _eბიბლიოგრ. გვ.305-319
520 _aპარალ.თავფ. ინგლ.ენაზე
541 _h18ლ.40თ.
653 _aინტერნეტ–მარკეტინგი
942 _cBK
999 _c42773
_d42773